Central Library and Information Centre
Sibsagar Girls' College, Sivasagar : Assam

UCHATTAR MADHYAMIK RAJNITITATTWA BHARATIYA SANGBIDHAN (Record no. 9114)

MARC details
000 -LEADER
fixed length control field 00478cam a2200193ua 4500
008 - FIXED-LENGTH DATA ELEMENTS--GENERAL INFORMATION
fixed length control field 181008n1998 II |||gr||||Z||||||eng
040 ## - CATALOGING SOURCE
Original cataloging agency MAIN
041 ## - LANGUAGE CODE
-- English
041 ## - LANGUAGE CODE
-- eng
082 ## - DEWEY DECIMAL CLASSIFICATION NUMBER
Classification number 320.011 HAZ
100 ## - MAIN ENTRY--PERSONAL NAME
Personal name HAZARIKA, NIRU.
245 ## - TITLE STATEMENT
Title UCHATTAR MADHYAMIK RAJNITITATTWA BHARATIYA SANGBIDHAN
260 ## - PUBLICATION, DISTRIBUTION, ETC.
Place of publication, distribution, etc. GUWAHATI
Name of publisher, distributor, etc. STUDENTS STORES
Date of publication, distribution, etc. 1998
300 ## - PHYSICAL DESCRIPTION
Extent 375.
700 ## - ADDED ENTRY--PERSONAL NAME
Personal name CHAKRABOTY, JYOTINATH.
942 ## - ADDED ENTRY ELEMENTS (KOHA)
Koha item type Books
653 ## - INDEX TERM--UNCONTROLLED
Uncontrolled term POLITICAL THEORIES
Holdings
Withdrawn status Lost status Damaged status Not for loan Collection code Home library Current library Shelving location Date acquired Full call number Barcode Date last seen Copy number Price effective from Koha item type Public note
Withdrawn       REFPSC Central Library and Information Centre Sibsagar Girls College Central Library and Information Centre Sibsagar Girls College Staff Office 21.07.2000 320.011 HAZ 16098 27.02.2020 1 27.02.2020 Books V
Withdrawn       REFPSC Central Library and Information Centre Sibsagar Girls College Central Library and Information Centre Sibsagar Girls College Staff Office 21.07.2000 320.011 HAZ 16099 27.02.2020 2 27.02.2020 Books V


Sibsagar Girl's College © 2020. All rights reserved.
Powered by Koha.
Maintained by Abhijit Borpuzari.